[Event "Medellin de La Raza U2000 op"]
[Site "Medellin"]
[Date "2023.10.16"]
[Round "8"]
[White "Diaz Larrea, Juan Manuel"]
[Black "Renteria Renteria, Anio"]
[Result "1/2-1/2"]
[WhiteElo "1905"]
[BlackElo "1727"]
[PlyCount "113"]
[EventDate "2023.10.12"]
[EventType "swiss"]
[EventRounds "9"]
[EventCountry "COL"]
[SourceTitle "Mega2024 Update 01"]
[Source "Chessbase"]
[SourceDate "2023.11.12"]
[SourceVersion "1"]
[SourceVersionDate "2023.11.12"]
[SourceQuality "1"]

1. e4 d6 2. Bc4 e5 3. Nf3 Be7 4. d4 exd4 5. Nxd4 Nf6 6. Nc3 c6 7. 0-0 0-0 8. a4 a5 9. Re1 Na6 10. Bf4 Nc5 11. Nb3 Na6 12. Qd2 Nh5 13. Be3 Nb4 14. Rad1 Qc7 15. Be2 Nf6 16. Bf3 Rd8 17. Bf4 Ng4 18. Bxg4 Bxg4 19. f3 Be6 20. Nd4 Qb6 21. Be3 Qc7 22. Bf4 Qb6 23. Be3 Qa6 24. Nce2 d5 25. e5 c5 26. Nb5 Rac8 27. c3 Nc6 28. Bg5 Qb6 29. Bxe7 Nxe7 30. Qg5 Rd7 31. Rd2 h6 32. Qe3 Nf5 33. Qf2 Rcd8 34. Red1 Qc6 35. Nf4 b6 36. Nxe6 Qxe6 37. f4 h5 38. Qf3 g6 39. g3 d4 40. cxd4 Nxd4 41. Nxd4 Rxd4 42. Rxd4 cxd4 43. Rd3 Qa2 44. b3 Rc8 45. Rd1 Rc2 46. e6 fxe6 47. Qa8+ Kg7 48. Qb7+ Kh6 49. Qa8 Kg7 50. Qb7+ Kf6 51. Qe4 Qb2 52. Re1 Qxb3 53. Qxd4+ Kf7 54. Qd7+ Kf6 55. Qd4+ Kf7 56. Qd7+ Kf6 57. Qd4+ 1/2-1/2

[Event "Medellin de La Raza U2000 op"]
[Site "Medellin"]
[Date "2023.10.16"]
[Round "9"]
[White "Renteria Renteria, Anio"]
[Black "Valle, Efrain"]
[Result "0-1"]
[WhiteElo "1727"]
[BlackElo "1974"]
[PlyCount "54"]
[EventDate "2023.10.12"]
[EventType "swiss"]
[EventRounds "9"]
[EventCountry "COL"]
[SourceTitle "Mega2024 Update 01"]
[Source "Chessbase"]
[SourceDate "2023.11.12"]
[SourceVersion "1"]
[SourceVersionDate "2023.11.12"]
[SourceQuality "1"]

1. d4 Nf6 2. Nf3 e6 3. Bg5 Be7 4. e3 b6 5. Be2 Bb7 6. 0-0 d5 7. Nbd2 Nbd7 8. c4 0-0 9. Rc1 c5 10. a3 h6 11. Bf4 Rc8 12. h3 a6 13. Ne5 cxd4 14. exd4 Ne4 15. cxd5 Nxd2 16. Qxd2 Nxe5 17. Bxe5 Qxd5 18. Bf3 Qd7 19. Bxb7 Qxb7 20. Rc3 Rxc3 21. Qxc3 Rc8 22. Qg3 Bf8 23. Rd1 Qe4 24. Bf4 Kh7 25. Qd3 Qxd3 26. Rxd3 Rc2 27. Rd2 Rc4 0-1

[Event "Medellin de La Raza U2000 op"]
[Site "Medellin"]
[Date "2023.10.13"]
[Round "3"]
[White "Renteria Renteria, Anio"]
[Black "Tobon, Sebastian"]
[Result "0-1"]
[WhiteElo "1727"]
[BlackElo "1761"]
[PlyCount "54"]
[EventDate "2023.10.12"]
[EventType "swiss"]
[EventRounds "9"]
[EventCountry "COL"]
[SourceTitle "Mega2024 Update 01"]
[Source "Chessbase"]
[SourceDate "2023.11.12"]
[SourceVersion "1"]
[SourceVersionDate "2023.11.12"]
[SourceQuality "1"]

1. Nf3 d5 2. d4 c5 3. g3 Nc6 4. Bg2 Nf6 5. 0-0 e6 6. c4 dxc4 7. Qa4 Bd7 8. Qxc4 Rc8 9. dxc5 Na5 10. Qh4 Rxc5 11. Nc3 Be7 12. Qd4 Rc8 13. Ne5 Bc5 14. Qh4 Nc6 15. Nxd7 Nxd7 16. Qg4 0-0 17. Rd1 Nde5 18. Qf4 Qa5 19. Bd2 Ng6 20. Qe4 Rfd8 21. Be1 Qc7 22. Rac1 Rxd1 23. Nxd1 Qb6 24. a3 a5 25. e3 Nge7 26. Qc2 Rd8 27. Nc3 Bd6 0-1

[Event "Medellin de La Raza U2000 op"]
[Site "Medellin"]
[Date "2023.10.12"]
[Round "1"]
[White "Renteria Renteria, Anio"]
[Black "Herrera Jimenez, Mateo"]
[Result "1-0"]
[WhiteElo "1727"]
[BlackElo "1595"]
[PlyCount "75"]
[EventDate "2023.10.12"]
[EventType "swiss"]
[EventRounds "9"]
[EventCountry "COL"]
[SourceTitle "Mega2024 Update 01"]
[Source "Chessbase"]
[SourceDate "2023.11.12"]
[SourceVersion "1"]
[SourceVersionDate "2023.11.12"]
[SourceQuality "1"]

1. Nf3 d5 2. d4 Nf6 3. g3 e6 4. Bg2 Be7 5. c4 0-0 6. 0-0 c6 7. Nc3 b6 8. Ne5 Ba6 9. Qa4 Bb7 10. Rd1 Nfd7 11. e4 Nxe5 12. dxe5 d4 13. Ne2 c5 14. Nf4 Nc6 15. Nd3 Qd7 16. Qc2 Qc7 17. f4 Rad8 18. a3 a6 19. Bd2 Ba8 20. Rac1 Qa7 21. Be1 Rc8 22. Qf2 b5 23. f5 Bg5 24. Bd2 Bxd2 25. Qxd2 Ne7 26. f6 Ng6 27. h4 bxc4 28. Rxc4 Bc6 29. Rxc5 Ba4 30. Rdc1 Rxc5 31. Rxc5 Bb5 32. Rxb5 axb5 33. h5 Nxe5 34. Nxe5 gxf6 35. Ng4 e5 36. Nxf6+ Kh8 37. Qh6 d3+ 38. Kh2 1-0